| 000 | 00527cam a2200157 4500500 | ||
|---|---|---|---|
| 005 | 20251228090926.0 | ||
| 041 | _afre | ||
| 042 | _adc | ||
| 100 | 1 | 0 |
_aDaudin, Claire _eauthor |
| 700 | 1 | 0 |
_aFaguer, Nicolas _eauthor |
| 245 | 0 | 0 | _aEntretien avec Claire Daudin |
| 260 | _c2020. | ||
| 500 | _a31 | ||
| 786 | 0 | _nBulletin de l’Amitié Charles Péguy | 171 | 3 | 2020-04-30 | p. 260-263 | 0180-8567 | |
| 856 | 4 | 1 | _uhttps://shs.cairn.info/revue-bulletin-de-lamitie-charles-peguy-2020-3-page-260?lang=fr&redirect-ssocas=7080 |
| 999 |
_c1602900 _d1602900 |
||